LEADER 01528nam a2200289 4500 001 000000364348 003 CaOOAMICUS 005 20250916094823.0 008 250916s1739 it a 000 u lat r 026 $auei- sai- n-i- dest (3) 1739 (Q) 040 $aSeMil$bita 100 11$aStellini, Jacopo,$d<1699-1770>.$0(OLS)http://semarc/name/12993 245 10$aOratio habita in Gymnasio Patavino a Jacobo Stellini c.r.s. cum ethicen tradere ingrederetur auspice Nicolao Trono equite urbis praefecto, et propraetore an. 1739. 3. non. mart. 264 1$aPatavii :$bTypis Seminarii,$c[1739] 300 $a[18], LIII, [1], XI, [1] p. ;$c8° 500 $aSegn.: A-D? E? a? 500 $aContiene a carta a1r, con propria intitolazione: Prima ethicae informatio quae tradetur a Jacobo Stellini c.r.s. in gymnasio patavino 500 $aCors.; rom. 500 $aIniziali e fregi xilogr. 500 $aFregio xilogr. sul front. 500 $aData di stampa presunta, 1739, nel titolo 710 2 $aTipografia del Seminario$b.$0(OLS)http://semarc/name/1033 850 $aSeMil 852 $aSeMil$W1$xVenegono$y1$m5B II 38/21 FA$j261856$B255215$CSeMilBibl$Z2$F255215 $8I 996 $6245$aOratio habita in Gymnasio Patavino a Jacobo Stellini c.r.s. cum ethicen tradere ingrederetur auspice Nicolao Trono equite urbis praefecto, et propraetore an. 1739. 3. non. mart.$9(OLS)http://semarc/title/455712 996 $6264$aPatavii :$bTypis Seminarii$9(OLS)http://semarc/publisher/30007 LEADER 01368nam a2200313 i 4500 001 000000038004 003 CaOOAMICUS 005 20060529000000.0 008 060529s1992 it u000 u ita u 013 $a8409 020 $a88-311-3096-X 040 $aSeMil$bita 100 0 $aHieronymus,$c.$0(OLS)http://semarc/name/471 245 10$aCommento al libro di Giona /$cGirolamo ; traduzione, introduzione e note a cura di Nicoletta Pavia. 260 $aRoma :$bCittà Nuova,$ccopyr. 1992. 300 $a112 p. ;$c21 cm. 490 0 $aCollana di testi patristici ;$v96 650 4$aPatristica - Scrittori latini.$0(OLS)http://semarc/subject/112 650 4$aBibbia. Antico Testamento. Giona - Commentari, studi, critica, interpretazioni.$0(OLS)http://semarc/subject/3616 700 1 $aPavia, Nicoletta.$0(OLS)http://semarc/name/18205 830 0$aCollana di testi patristici ;$v96.$0(OLS)http://semarc/title/2 850 $aSeMil 852 $aSeMil$W1$xVenegono$y1$m2U III 196$j4159$B4159$CSeMilBibl$Z2$F4159 $81 900 0 $aGirolamo$c. 961 $aAcquisto: Città Nuova 996 $6020$a88-311-3096-X$9(OLS)http://semarc/number/7157 996 $6245$aCommento al libro di Giona$9(OLS)http://semarc/title/53464 996 $6260$aRoma :$bCittà Nuova$9(OLS)http://semarc/publisher/29609